Statistics for Kesha Songs

Click here to take the quiz!

General Stats

  • This quiz has been taken 7 times
  • The average score is 7 of 10

Answer Stats

YearPeakAnswerOther Featured Artist(s)% Correct
20101Tik Tok
100%
20141TimberPitbull
100%
20101We R Who We R
67%
20104Your Love Is My Drug
67%
20107Blah Blah Blah3OH!3
67%
20117Blow
67%
20108Take It Off
67%
20109My First Kiss3OH!3
50%
20122Die Young
33%
20113Till The World EndsBritney Spears & Nicki Minaj
33%

Score Distribution

Percentile by Number Answered

Percent of People with Each Score

Your Score History

You have not taken this quiz